| 000 | 00623nam a2200205 u 4500 | ||
|---|---|---|---|
| 005 | 20240919064603.0 | ||
| 008 | 081125s2005 r 000 0 eng d | ||
| 020 | _a9687711469 | ||
| 035 | _aUPN01000168193 | ||
| 049 | _aI | ||
| 050 | 4 |
_aPN1979 E4 _bE8.2 |
|
| 100 | 1 | _aEspíndola, Lucio | |
| 245 | 1 | 3 |
_aLa barranca y El jardín : _bobras ecológicas para títeres / _cLucio Espíndola. |
| 260 |
_aMéxico : _bCal y Arena, _c2005. |
||
| 300 |
_a157 p. : _bil. col. |
||
| 650 | 4 |
_aTITERES Y TEATRO DE TITERES EN EDUCACION _99365 |
|
| 650 | 4 |
_aEducación ambiental _94338 |
|
| 650 | 4 |
_aEcología _95860 |
|
| 905 | _aInfantil | ||
| 999 |
_c140300 _d140300 |
||